Statistics for Countries beginning with P

Click here to take the quiz!

General Stats

  • This quiz has been taken 28 times
  • The average score is 7 of 9

Answer Stats

HintAnswer% Correct
North AmericaPanama
89%
South AmericaParaguay
89%
South AmericaPeru
89%
EuropePoland
89%
OceaniaPalau
86%
EuropePortugal
86%
AsiaPakistan
82%
AsiaPhillipines
64%
OceaniaPapau New Guinea
14%

Score Distribution

Percentile by Number Answered

Percent of People with Each Score

Your Score History

You have not taken this quiz